000 00771nam a22002177a 4500
003 UA-OsUOA
001 59090
007 ta
008 20090306b un ||||| |||| 00| 0 ukr d
090 _a811.112.2
_bМ71
942 _cBK
040 _aUA-OsUOA
_bukr
_cUA-OsUOA
_dUA-OsUOA
245 _aМіжнародна наукова конференція "Германістика в Україні та за кордоном. Стан та перспективи"
_cКияк Т. Р.
300 _a216 с.
955 _a2
041 _aukr
080 _a811.112.2
260 _aК.
_bКиївський університет
_c2006
650 7 _a8 Мовознавство. Художня література. Літературознавство
_2UDC
999 _c345181
_d345181